000 00527nam a2200169Ia 4500
008 110201s9999 xx 000 0 und d
082 _bB4637
_aP 66
100 _aमाडगुळकर ग. दि.
245 _aचैत्रबन
260 _bविश्वमोहिनी प्रकाशन
365 _b150
600 _aमाडगुळकर ग. दि.
630 _aचैत्रबन
700 _aमाडगुळकर ग. दि.
730 _aचैत्रबन
942 _cBOOK
999 _c830889
_d830886